000 nam a22 a 4500
999 _c2751
_d2751
003 AKMAL
005 20170517161457.0
008 080508s my a e | 000 0 may d
020 _a983197512X (kkt.)
020 _a9789831975121
039 9 _a201005121126
_bmaulidiah
_c200809041019
_danisatul
_c200809021009
_dnurulnaida
_c200808221714
_darnida
040 _aAKMAL
_cAKMAL
049 _aklpmal
082 0 4 _a646.726 WRA
_222
090 0 0 _a646.726
_bWRA
090 2 0 _a646.726
_bWRA
100 1 _aWratsongko, Madyo
_95690
245 1 0 _aPenjagaan kulit dan wajah /
_cMadyo Wratsongko, Nor Faridah Sharuddin
260 _aKuala Lumpur :
_bSynergy Media,
_c[200?]
300 _a73ms. :
_bil. wrn. ;
_c26cm.
440 0 _aPengamalan gaya kehidupan sihat
_95801
650 1 0 _aSkin
_xCare and hygiene
_95802
700 0 _aNor Faridah Sharuddin
_95693
942 _2ddc
_cBOOK